NLSUI OPAC header image

Proposed forest act: An assessment (Record no. 39612)

MARC details
000 -LEADER
fixed length control field 00410nam a2200157Ia 4500
008 - FIXED-LENGTH DATA ELEMENTS--GENERAL INFORMATION
fixed length control field 160316s1994 xxu||||| |||| 00| 0 eng d
082 ## - DEWEY DECIMAL CLASSIFICATION NUMBER
Classification number 344.046750
Item number KUL
100 ## - MAIN ENTRY--PERSONAL NAME
Personal name Kulkarni Sharad
245 ## - TITLE STATEMENT
Title Proposed forest act: An assessment
250 ## - EDITION STATEMENT
Edition statement
260 ## - PUBLICATION, DISTRIBUTION, ETC.
Place of publication, distribution, etc.
Name of publisher, distributor, etc. Economic and Political Weekly
Date of publication, distribution, etc. 1994
300 ## - PHYSICAL DESCRIPTION
Extent 4
Other physical details
Dimensions
365 ## - TRADE PRICE
Price amount
650 ## - SUBJECT ADDED ENTRY--TOPICAL TERM
Topical term or geographic name entry element 1. Forest act<br/>2. Conservation - ecology
700 ## - ADDED ENTRY--PERSONAL NAME
Personal name
--
Holdings
Withdrawn status Lost status Damaged status Not for loan Home library Current library Shelving location Date acquired Total Checkouts Full call number Barcode Date last seen Price effective from Koha item type
        . .   30.05.2017   344.04675 KUL REP300525 30.05.2017 30.05.2017 Repository